Broughton Map Quiz - Statistics

General Stats
  • This quiz has been taken 26 times
  • The average score is 11 of 15
Answers on the Map
Answers color-coded by a green-red scale on the quiz's map according to % correct below.
 
Answer Stats
Answer % Correct
Holiday Gym
100%
Pod 1
100%
Pod 2
100%
Baseball Field
90%
Science Wing
90%
Cafeteria
86%
Football Field
86%
Track
81%
Shop
76%
Stands
67%
Pit
62%
Tennis Courts
57%
Front Lot
52%
Main Building
52%
Back Lot
48%
No matching quizzes found
Score Distribution
Percent of People with Each Score
Percentile by Number Answered
Your Score History
You have not taken this quiz